000 00636nam a22002417a 4500
003 UA-OsUOA
001 29767
007 ta
008 20041026b un ||||| |||| 00| 0 ukr d
100 _aЖур Петро
090 _a82.09(477)
_bЖ91
942 _cBK
040 _aUA-OsUOA
_bukr
_cUA-OsUOA
_dUA-OsUOA
245 _aЛіто перше
_bЗ хроніки життя і творчості Тараса Шевченка
300 _a278 с.
_bІлюстрації
955 _a0
041 _aukr
080 _a82.09(477)
260 _aКиїв
_bДніпро
_c1979
044 _aUA
650 7 _2UDC
999 _c316165
_d316165